| 000 | 00648nam a22002297a 4500 | ||
|---|---|---|---|
| 999 |
_c6542 _d6542 |
||
| 001 | 3524 | ||
| 003 | BD-DhUAP | ||
| 005 | 20210103164156.0 | ||
| 008 | 210103s1999 nyua|||| |||| 001 0 eng d | ||
| 020 | _a019877639x | ||
| 040 |
_aBD-DhUAP _bEng _cBD-DhUAP _dBD-DhUAP |
||
| 082 |
_223 _a330 LIP |
||
| 100 | _aLipsey, Richard G. | ||
| 245 |
_aEconomics / _cRichard G. Lipsey and K. Alec Chrystal. |
||
| 250 | _a9th ed. | ||
| 260 |
_aOxford : _bOxford University Press, _c©1999. |
||
| 300 |
_axvi, 640 pages : _billustrations ; _c26 cm. |
||
| 500 | _aIncludes index. | ||
| 650 | _aEconomics. | ||
| 700 | _aChrystal, K. Alec. | ||
| 942 |
_2ddc _cBK |
||